[Event "GER CM02-C email"]
[Site "GER email"]
[Date "2015.06.25"]
[Round "?"]
[White "Paulik, Vaclav"]
[Black "Sorcnik, Klemen"]
[Result "1/2-1/2"]
[WhiteElo "2372"]
[BlackElo "2273"]
[PlyCount "46"]
[EventDate "2015.??.??"]
[EventType "tourn (corr)"]
[EventRounds "11"]
[EventCountry "GER"]
[SourceTitle "Corr 2017"]
[Source "ChessBase"]
[SourceDate "2017.09.19"]
[SourceVersion "1"]
[SourceVersionDate "2017.09.19"]
[SourceQuality "1"]

1. e4 e5 2. Bc4 Nf6 3. d3 c6 4. Nf3 d5 5. Bb3 Bd6 6. exd5 cxd5 7. Bg5 Be6 8. Nc3 Qa5 9. 0-0 Nc6 10. Qe1 Qc5 11. Rd1 0-0-0 12. d4 Nxd4 13. Nxe5 Nxb3 14. Nd3 Qb6 15. cxb3 Kb8 16. Bf4 Bxf4 17. Nxf4 d4 18. Qe5+ Ka8 19. Na4 Qd6 20. Rfe1 Bc8 21. Qxd6 Rxd6 22. Nc3 Rhd8 23. Nb5 R6d7 1/2-1/2